| 000 | 00845nam a22002537a 4500 | ||
|---|---|---|---|
| 999 |
_c338347 _d338347 |
||
| 001 | 52254 | ||
| 003 | UA-OsUOA | ||
| 005 | 20230504161248.0 | ||
| 007 | ta | ||
| 008 | 20080207b un ||||| |||| 00| 0 ukr d | ||
| 020 | _a9665742264 | ||
| 040 |
_aUA-OsUOA _bukr _cUA-OsUOA _dUA-OsUOA |
||
| 041 | _aukr | ||
| 080 | _a004.4:330.46(075.8) | ||
| 090 |
_a004.4:330.46(075.8) _bЩ36 |
||
| 100 | _aЩедріна О. І. | ||
| 245 |
_aАлгоритмізація та програмування процедур обробки інформації _bнавчальний посібник |
||
| 260 |
_aК. _bКНЕУ _c2001 |
||
| 300 | _a240 с. | ||
| 650 | 7 |
_a00 Загальні питання науки і культури _2UDC |
|
| 942 |
_cBK _2udc |
||
| 955 | _a2 | ||